| 000 | 01462naa a22002177a 4500 | ||
|---|---|---|---|
| 008 | 250227e20250227xxk|||||ov|||o00| | eng d | ||
| 041 | _aeng | ||
| 245 |
_aBrown v Ridley and Another _b[2025] UKSC 7 |
||
| 260 |
_bThe Supreme Court, _c26 February 2025 |
||
| 520 | _aSupreme Court judgment 26 February 2025. Allowed the appeal from the Upper Tribunal [2024] UKUT 14 (LC). Issue: What is the period of ten years in which an applicant for registration as the owner of land over on the basis of adverse possession must hold the reasonable belief that they were the owner of that land under paragraph 5(4)(c) of Schedule 6 of the Land Registration Act 2002? An adverse possession claim based on the squatter's reasonable mistake as to boundaries under the Land Registration Act 2002, the requirement for ten years of reasonable belief of ownership could be any period of ten years; it did not have to be the ten years ending on the date of the application. | ||
| 520 | _aJustices: Lord Briggs, Lord Hamblen, Lord Stephens, Lady Rose, Lady Simler | ||
| 520 | _aJudgment appealed [2024] UKUT 14 (LC) | ||
| 650 | _aBROWN v RIDLEY | ||
| 650 | _aBOUNDARY DISPUTES | ||
| 650 | _aLAND REGISTRATION ACT 2002 | ||
| 650 | _aSQUATTER'S RIGHTS | ||
| 650 | _aADVERSE POSSESSION | ||
| 651 | _aUnited Kingdom | ||
| 690 |
_aBoundary disputes _96221 |
||
| 856 |
_uhttps://supremecourt.uk/cases/judgments/uksc-2024-0044 _zJudgement available on the Supreme Court website |
||
| 999 |
_c122108 _d122108 |
||